000 00293nam a22001217a 4500
008 180131b xxu||||| |||| 00| 0 eng d
041 _aeng
080 _a159.9
100 _a48
101 _apsi
245 _aclinicaal mangement of substance abuse programs
_ccraig.r.j
942 _2udc
_cBK
999 _c41391
_d41391